00286nam a2200109Ia 4500008004100000020001800041100002800059245003500087250001200122260002800134300001400162171205s9999 xx 000 0 und d a9781473980990 aDykes, Fiona Ballantine aCounselling Skills and Studies a2nd ed. bSAGE Publicationsc2017 a320 pages